| 000 | 00653nam a22002057a 4500 | ||
|---|---|---|---|
| 005 | 20150626164428.0 | ||
| 010 | _aENG-112872 | ||
| 020 |
_c425.00 _a9789350352755 |
||
| 035 | _aEN-96404 | ||
| 037 | _bDBAD/PUB | ||
| 082 | _a344.54021 | ||
| 100 | _aKumar, H.L. | ||
| 245 |
_aPractical guide to employee's compensation : _cby H.L.Kumar [and] Gaurav Kumar _bact & rules / |
||
| 250 | _a7th ed | ||
| 260 |
_a Delhi _bUniversal Law Publishing _c2013 |
||
| 270 |
_aC-FF-1A, Dilkhush Industrial Estate, G.T Karnal Road, _bDelhi _e110033 |
||
| 300 |
_axlv,308p. _c24cm(pbk) |
||
| 700 | _aGaurav Kumar | ||
| 942 |
_2ddc _cEN _mKUM _h344.54021 |
||
| 999 |
_c93344 _d93344 |
||